[Event "WYCC U16 Open 2013"]
[Site "Al-Ain UAE"]
[Date "2013.12.21"]
[Round "5.54"]
[White "Minald, Andrey"]
[Black "Todorovic, Nenad I"]
[Result "0-1"]
[WhiteElo "1848"]
[BlackElo "2125"]
[WhiteFideId "13506854"]
[BlackFideId "912832"]
[EventDate "2013.12.18"]

1. d4 Nf6 2. c4 e6 3. Nc3 Bb4 4. Qc2 O-O 5. Nf3 c5 6. e3 b6 7. g3 Bb7 8. Bg2
cxd4 9. exd4 d5 10. cxd5 Bxd5 11. O-O Qc8 12. Bg5 Nbd7 13. Rac1 Bxc3 14. bxc3 b5
15. Rfe1 Qb7 16. Nh4 Bxg2 17. Nxg2 Nd5 18. c4 bxc4 19. Qxc4 Rfc8 20. Qe2 Rab8
21. Bf4 Rxc1 22. Rxc1 Rc8 23. Rxc8+ Qxc8 24. Qb2 N7b6 25. Qc1 Qxc1+ 26. Bxc1 Nc3
27. Bd2 Ne2+ 28. Kf1 Nxd4 29. Be3 Nb5 30. Ke2 Nc3+ 31. Kd3 Nxa2 32. Bxb6 axb6
33. Kc4 Nc1 34. Kb5 Nd3 35. f3 f5 36. Kxb6 Ne5 37. f4 Ng4 38. h4 Nf2 39. Ne3 Ne4
40. Nf1 Kf7 41. h5 h6 42. Kb5 Nf6 43. Kc4 Nxh5 44. Kd4 Kf6 45. Ke3 g5 46. Kf3 e5
47. fxe5+ Kxe5 48. Nd2 g4+ 49. Kf2 f4 50. gxf4+ Kxf4 51. Nc4 Nf6 52. Nb2 h5 53.
Nd3+ Kf5 54. Kg3 Kg5 55. Nc5 h4+ 56. Kh2 h3 57. Ne6+ Kh4 58. Nd4 g3+ 59. Kh1 Kg4
60. Kg1 Nd5 61. Nc2 Nf4 62. Ne1 Ne2+ 63. Kh1 Nd4 64. Nd3 g2+ 0-1

[Event "WYCC U16 Open 2013"]
[Site "Al-Ain UAE"]
[Date "2013.12.21"]
[Round "5.55"]
[White "Li, Xiang Wei  William"]
[Black "Filipets, Egor"]
[Result "1-0"]
[WhiteElo "1846"]
[BlackElo "2112"]
[WhiteFideId "4303300"]
[BlackFideId "13503928"]
[EventDate "2013.12.18"]

1. e4 e6 2. d4 d5 3. exd5 exd5 4. c4 Nf6 5. Nc3 Bb4 6. Nf3 O-O 7. Bd3 Re8+ 8.
Be3 Ng4 9. O-O Nxe3 10. fxe3 c6 11. Ne5 Qg5 12. Qf3 f6 13. cxd5 Nd7 14. dxc6
Nxe5 15. dxe5 Qxe5 16. cxb7 Bxb7 17. Qxb7 Qxe3+ 18. Kh1 Rab8 19. Qd5+ Kh8 20.
Qf5 Qh6 21. Rae1 Bd6 22. h3 Re5 23. Rxe5 Bxe5 24. Ne4 g6 25. Qd7 Bxb2 26. Nxf6
Qh4 27. Qd6 Rc8 28. Nd7 Bg7 29. Ne5 Qa4 30. Nf7+ Kg8 31. Qd5 Qc6 32. Nh6+ 1-0

[Event "WYCC U16 Open 2013"]
[Site "Al-Ain UAE"]
[Date "2013.12.21"]
[Round "5.56"]
[White "Lekic, Lazar"]
[Black "Volna, Lukas"]
[Result "1-0"]
[WhiteElo "2071"]
[BlackElo "1833"]
[WhiteFideId "900052"]
[BlackFideId "14928728"]
[EventDate "2013.12.18"]

1. e4 d6 2. d4 Nf6 3. Nc3 g6 4. f4 Bg7 5. Nf3 c6 6. e5 dxe5 7. fxe5 Nd5 8. Bd3
Nd7 9. O-O N7b6 10. a3 Bg4 11. h3 Nxc3 12. bxc3 Be6 13. Ng5 Bd5 14. e6 Bxe6 15.
Nxe6 fxe6 16. Qg4 Qd5 17. Bg5 Rf8 18. Qh4 Rxf1+ 19. Rxf1 Bf8 20. c4 Nxc4 21.
Qxh7 Qxd4+ 22. Kh1 Nd6 23. Rxf8+ Kxf8 24. Bxe7+ Ke8 25. Bxg6+ Kd7 26. Bf6+ 1-0

[Event "WYCC U16 Open 2013"]
[Site "Al-Ain UAE"]
[Date "2013.12.21"]
[Round "5.57"]
[White "Grunau, Christoph"]
[Black "Abbas, Hussein kzar"]
[Result "1/2-1/2"]
[WhiteElo "2066"]
[BlackElo "1754"]
[WhiteFideId "12929760"]
[BlackFideId "4804937"]
[EventDate "2013.12.18"]

1. e4 d6 2. d4 Nf6 3. Nc3 g6 4. Nf3 Bg7 5. Be2 c6 6. a4 O-O 7. O-O Nbd7 8. a5 e5
9. dxe5 dxe5 10. Bc4 Qc7 11. Qe2 h6 12. Rd1 Nc5 13. b4 Ne6 14. Bxe6 Bxe6 15. Be3
b6 16. h3 Nh5 17. Nd2 Nf4 18. Qf1 Rfd8 19. axb6 axb6 20. Nc4 Rxa1 21. Rxa1 Rb8
22. Ra6 Qe7 23. Rxb6 Rxb6 24. Nxb6 Qxb4 25. Nba4 Bf8 26. Qa6 Qc4 27. Qxc4 Bxc4
28. Bc5 Bg7 29. Nb2 Ba6 30. Bd6 f6 31. Nba4 Ne6 32. Nc5 Nxc5 33. Bxc5 Kf7 34. f3
f5 35. g3 Ke6 36. Kf2 Bf6 37. Bf8 h5 38. exf5+ gxf5 39. g4 hxg4 40. hxg4 Bh4+
41. Ke3 Bg5+ 42. Kf2 Bh4+ 43. Ke3 Bg5+ 1/2-1/2

[Event "WYCC U16 Open 2013"]
[Site "Al-Ain UAE"]
[Date "2013.12.21"]
[Round "5.58"]
[White "Lo, Ryan"]
[Black "Yang, ching Wei, Austin"]
[Result "1-0"]
[WhiteElo "2025"]
[BlackElo "1824"]
[WhiteFideId "2609088"]
[BlackFideId "16300440"]
[EventDate "2013.12.18"]

1. d4 Nf6 2. c4 g6 3. d5 Bg7 4. Nc3 d6 5. e4 O-O 6. f3 e5 7. Be3 Nh5 8. c5 f5 9.
Qd2 Na6 10. cxd6 cxd6 11. Rc1 Bd7 12. Bxa6 bxa6 13. Nge2 f4 14. Bf2 Qg5 15. g4
Bxg4 16. Rg1 Nf6 17. fxg4 Nxg4 18. h3 h5 19. hxg4 hxg4 20. Nd1 Bh6 21. Rc6 Qh5
22. Qc2 Rf6 23. Rc8+ Rxc8 24. Qxc8+ Kg7 25. Qxg4 1-0

[Event "WYCC U16 Open 2013"]
[Site "Al-Ain UAE"]
[Date "2013.12.21"]
[Round "5.59"]
[White "Berman, Jacob"]
[Black "Haavamae, Henrik"]
[Result "0-1"]
[WhiteElo "1795"]
[BlackElo "2023"]
[WhiteFideId "2071010"]
[BlackFideId "4502973"]
[EventDate "2013.12.18"]

1. d4 Nf6 2. c4 e6 3. Nc3 Bb4 4. Qc2 O-O 5. a3 Bxc3+ 6. Qxc3 d5 7. Bg5 c5 8.
cxd5 cxd4 9. Qxd4 Nc6 10. Qd2 exd5 11. Nf3 h6 12. Bh4 Qd6 13. Bxf6 Qxf6 14. g3
Bg4 15. Bg2 Bxf3 16. Bxf3 Nd4 17. Qd3 Nxf3+ 18. Qxf3 Qxb2 19. O-O Qe5 20. Rfd1
Rfd8 21. Rab1 Rd7 22. Rb4 Rc8 23. Rbd4 Rc5 24. Qd3 Qe6 25. Qd2 Rdc7 26. Rxd5
Rxd5 27. Qxd5 Qxe2 28. Qd8+ Kh7 29. Qxc7 Qxd1+ 30. Kg2 Qd5+ 31. Kg1 Qd1+ 32. Kg2
Qd5+ 33. Kg1 a5 34. h4 h5 35. Qc2+ g6 36. Qc7 a4 37. Qf4 b5 38. Kh2 Qc4 39. Qf6
Kg8 40. Qd8+ Kg7 41. Qd7 Qb3 42. Qd4+ Kh7 43. Qf6 Qd5 44. Qf4 Qc4 45. Qf6 Kg8
46. Qd8+ Kg7 47. Qd7 Qc5 48. Kg2 Qxa3 49. Qxb5 Qb3 50. Qe5+ Kh7 51. Qf6 a3 52.
Kh2 a2 53. Kg2 Qd5+ 54. Kh2 Qf5 55. Qd4 Qb1 0-1

[Event "WYCC U16 Open 2013"]
[Site "Al-Ain UAE"]
[Date "2013.12.21"]
[Round "5.60"]
[White "Dogan, Mire Deniz"]
[Black "Nikolov, Rumen"]
[Result "1/2-1/2"]
[WhiteElo "1772"]
[BlackElo "2023"]
[WhiteFideId "6317456"]
[BlackFideId "2911620"]
[EventDate "2013.12.18"]

1. d4 g6 2. c4 Bg7 3. Nc3 Nf6 4. e4 d6 5. f3 O-O 6. Be3 e5 7. d5 c6 8. Qd2 cxd5
9. cxd5 Nbd7 10. Nge2 Nc5 11. Nc1 a5 12. Nd3 b6 13. Nxc5 bxc5 14. a4 Ne8 15. g4
f5 16. gxf5 gxf5 17. Bg5 Qd7 18. O-O-O f4 19. Rg1 Kh8 20. Qf2 Rb8 21. Qh4 Rb4
22. Bb5 Qb7 23. Bh6 Bf6 24. Qf2 Ng7 25. Bg5 Qe7 26. Qh4 Rd4 27. Rdf1 Rf7 28. Rf2
Bxg5 29. Rxg5 Bd7 30. Rfg2 Bxb5 31. axb5 a4 32. Qh3 Qf8 33. Qh6 a3 34. bxa3 Rd3
35. Kc2 Rxf3 36. Rxg7 Rxg7 37. Qxg7+ Qxg7 38. Rxg7 Kxg7 39. b6 Rxc3+ 40. Kxc3 f3
41. Kd2 c4 42. b7 c3+ 43. Kxc3 f2 44. b8=Q f1=Q 45. Qc7+ Kg8 46. Qd8+ Kg7 47.
Qxd6 Qf3+ 48. Kb4 Qxe4+ 49. Ka5 Qe3 50. h4 e4 51. Qe5+ Kf7 1/2-1/2

[Event "WYCC U16 Open 2013"]
[Site "Al-Ain UAE"]
[Date "2013.12.21"]
[Round "5.61"]
[White "Gamage, Chathulanka"]
[Black "Lien, Kjell Hakon"]
[Result "0-1"]
[WhiteElo "1745"]
[BlackElo "2011"]
[WhiteFideId "9908102"]
[BlackFideId "1510444"]
[EventDate "2013.12.18"]

1. d4 d5 2. c4 c6 3. Nf3 e6 4. Nc3 dxc4 5. e4 b5 6. e5 Bb7 7. Ne4 a6 8. Be2 c5
9. Nxc5 Bxc5 10. dxc5 Qxd1+ 11. Bxd1 Nd7 12. c6 Bxc6 13. Be3 Ne7 14. Bd4 Ng6 15.
O-O O-O 16. b3 Bd5 17. Re1 Rac8 18. b4 Nf4 19. Re3 Nd3 20. a3 Ra8 21. Bc3 Nb8
22. Nd4 Nc6 23. Nxc6 Bxc6 24. g3 Rfd8 25. Bc2 Rd7 26. Kf1 Rad8 27. Rb1 h5 28. h4
Kf8 29. Ke2 Bg2 30. Rd1 Bh3 31. Bxd3 cxd3+ 32. Kd2 Bf5 33. Rc1 Rc8 34. f4 Rdc7
35. Ree1 Ke7 36. Re3 Rc4 37. Ree1 Kd7 38. Re3 Kc6 39. Ree1 Kd5 40. Re3 Rd8 41.
Rce1 Rxc3 42. Kxc3 Rc8+ 43. Kb2 Rc2+ 44. Kb3 Kd4 45. Rf3 Bg4 46. Rfe3 Be2 47.
R3xe2 Rxe2 0-1

[Event "WYCC U16 Open 2013"]
[Site "Al-Ain UAE"]
[Date "2013.12.21"]
[Round "5.62"]
[White "Rodgers, Philippe"]
[Black "Abe, Mahiro"]
[Result "0-1"]
[WhiteElo "1735"]
[BlackElo "2009"]
[WhiteFideId "1801473"]
[BlackFideId "7000235"]
[EventDate "2013.12.18"]

1. c4 Nf6 2. g3 g6 3. Bg2 Bg7 4. Nc3 O-O 5. d3 d6 6. e4 c5 7. Nge2 Nc6 8. O-O
Rb8 9. f4 e6 10. h3 a6 11. Be3 Ne8 12. Qd2 Nd4 13. Rab1 Nc7 14. b4 e5 15. Na4
Bd7 16. Nb6 Bc6 17. Nc3 Nce6 18. Ncd5 g5 19. Kh2 Bxd5 20. Nxd5 b5 21. Rfc1 Qd7
22. bxc5 dxc5 23. Bxd4 Nxd4 24. cxb5 Rxb5 25. Rxb5 Qxb5 26. Ne7+ Kh8 27. Nd5 Kg8 0-1

[Event "WYCC U16 Open 2013"]
[Site "Al-Ain UAE"]
[Date "2013.12.21"]
[Round "5.67"]
[White "Al-Zaruoni, Fahad"]
[Black "Montilli, Vincenzo"]
[Result "0-1"]
[WhiteTitle "CM"]
[WhiteElo "1649"]
[BlackElo "2039"]
[WhiteFideId "9300660"]
[BlackFideId "883913"]
[EventDate "2013.12.18"]

1. c4 c5 2. g3 g6 3. Bg2 Bg7 4. Nc3 Nc6 5. d3 d6 6. Nf3 e5 7. O-O Nge7 8. Rb1
O-O 9. a3 a5 10. Bd2 Be6 11. Nb5 Rb8 12. b4 axb4 13. axb4 h6 14. bxc5 dxc5 15.
Qc1 Kh7 16. Be3 b6 17. Bd2 Qd7 18. Rb3 f5 19. Qb1 e4 20. Ne1 Bxc4 21. dxc4 Qxd2
22. e3 Na5 23. Ra3 Nxc4 24. Ra7 Nc6 25. Rc7 Rfc8 26. Rxc8 Rxc8 27. Nc2 Rd8 28.
Nc7 Qd7 29. Nb5 Nd2 30. Qa2 Nxf1 31. Bxf1 Qd1 32. Kg2 Rd2 33. Qa8 Qf3+ 34. Kg1
Qxf2+ 0-1

[Event "WYCC U16 Open 2013"]
[Site "Al-Ain UAE"]
[Date "2013.12.21"]
[Round "5.69"]
[White "Shumskis, Aleksandrs"]
[Black "Samuel, Ngieng Chew Sheng"]
[Result "1-0"]
[WhiteElo "1849"]
[BlackElo "1580"]
[WhiteFideId "11602414"]
[BlackFideId "5713978"]
[EventDate "2013.12.18"]

1. d4 e6 2. c4 Bb4+ 3. Nc3 Bxc3+ 4. bxc3 Qe7 5. Nf3 d6 6. e4 e5 7. Bd3 h6 8. O-O
g5 9. Ba3 f6 10. c5 dxc5 11. Bxc5 Qg7 12. Bc4 Ne7 13. d5 Ng6 14. Qb3 b6 15. Ba3
g4 16. Ne1 h5 17. d6 c6 18. Nc2 h4 19. Be6 Bd7 20. Ne3 Nf4 21. Nf5 Qh7 22. Bxd7+
Nxd7 23. Bc1 Qf7 24. Bxf4 Qxb3 25. axb3 exf4 26. Ra4 f3 27. Rfa1 a5 28. b4 1-0

[Event "WYCC U16 Open 2013"]
[Site "Al-Ain UAE"]
[Date "2013.12.21"]
[Round "5.78"]
[White "Alasgarov, Alasgar Habil"]
[Black "Hamawi, Karim"]
[Result "0-1"]
[WhiteElo "1638"]
[BlackElo "1640"]
[WhiteFideId "13405675"]
[BlackFideId "5303621"]
[EventDate "2013.12.18"]

1. e4 c5 2. c3 d5 3. exd5 Qxd5 4. Nf3 Nc6 5. Na3 e6 6. Bc4 Qd7 7. Nc2 Nf6 8. O-O
Be7 9. d4 cxd4 10. Ncxd4 Nxd4 11. Nxd4 O-O 12. Re1 a6 13. Qb3 Qc7 14. Bxe6 fxe6
15. Nxe6 Bxe6 16. Qxe6+ Rf7 17. g3 Bc5 0-1

[Event "WYCC U16 Open 2013"]
[Site "Al-Ain UAE"]
[Date "2013.12.22"]
[Round "6.1"]
[White "Sanal, Vahap"]
[Black "Duda, Jan-Krzysztof"]
[Result "1/2-1/2"]
[WhiteTitle "IM"]
[BlackTitle "GM"]
[WhiteElo "2397"]
[BlackElo "2557"]
[WhiteFideId "6300545"]
[BlackFideId "1170546"]
[EventDate "2013.12.18"]

1. e4 c5 2. Nf3 d6 3. d4 cxd4 4. Nxd4 Nf6 5. Nc3 a6 6. Bg5 Nbd7 7. Bc4 Qb6 8.
Bb3 e6 9. Qd2 Be7 10. O-O-O Nc5 11. f3 Qc7 12. g4 b5 13. Be3 Bd7 14. g5 Nh5 15.
Kb1 Rc8 16. a3 Nxb3 17. Nxb3 O-O 18. Ne2 f5 19. gxf6 Nxf6 20. Bd4 e5 21. Bc3 Be6
22. Qe3 Rf7 23. Rd2 Rcf8 24. Rg1 Bxb3 25. cxb3 d5 26. Rc1 d4 27. Bxd4 exd4 28.
Nxd4 Qb7 29. Nf5 Ne8 30. h4 Bf6 31. h5 Rd7 32. Rg2 Nd6 33. Nh6+ Kh8 34. Ng4 Ne8
35. Rgc2 Bd4 36. Qe2 Nf6 37. Nxf6 gxf6 38. h6 Be5 39. Rh1 Rg8 40. Qe3 Qb8 41.
Ka2 Qd6 42. Rg1 Rdd8 43. Qa7 Rxg1 44. Qxg1 Qf8 45. Qb6 Re8 46. Qc6 Bf4 47. Qxa6
Bxh6 48. Qxb5 Qf7 49. Rc6 Kg7 50. Qf5 Re7 51. Rd6 Qg6 52. Qc8 Qg3 53. Rd7 Qe5
54. Rd8 Qe6 55. Qb8 Qe5 56. Qc8 Kg6 57. Rd5 Qe6 58. Qb8 Bg5 59. Rd8 Qe5 60. Qc8
Qg3 61. Rg8+ Kh5 62. Qf5 Kh4 63. Re8 Rc7 64. Rh8 h5 65. e5 fxe5 66. Qe4+ Bf4 67.
Re8 Kh3 68. Qf5+ Kg2 69. Qxh5 Qxf3 70. Rg8+ Kf2 71. Qh4+ Kf1 72. Qf6 Rc2 73. Qg6
Rc1 74. Qa6+ Kf2 75. Qb6+ Be3 76. Qb4 Rc2 77. Qh4+ Ke2 78. Qh2+ Kd1 79. Qxe5 Qf2
80. Qh5+ Kd2 81. Rd8+ Bd4 82. Qh6+ Kd1 83. Qh1+ Kd2 84. Qh6+ Ke2 85. Qh5+ Ke1
86. Qh1+ Kd2 87. Qh6+ Kd3 88. Qh7+ Kd2 1/2-1/2

[Event "WYCC U16 Open 2013"]
[Site "Al-Ain UAE"]
[Date "2013.12.22"]
[Round "6.2"]
[White "Paravyan, David"]
[Black "Saiyn, Zhanat"]
[Result "1/2-1/2"]
[WhiteTitle "IM"]
[BlackTitle "FM"]
[WhiteElo "2441"]
[BlackElo "2360"]
[WhiteFideId "4194985"]
[BlackFideId "13703820"]
[EventDate "2013.12.18"]

1. d4 Nf6 2. c4 g6 3. Nc3 d5 4. Nf3 Bg7 5. Qb3 dxc4 6. Qxc4 O-O 7. e4 Nfd7 8.
Be3 Nb6 9. Qc5 c6 10. O-O-O Qd6 11. Qg5 Be6 12. Qh4 Bc4 13. Bf4 Qd7 14. Bh6 f6
15. Bxg7 Kxg7 16. d5 Bxf1 17. Rhxf1 Na6 18. Nd4 cxd5 19. exd5 Nc7 20. Rfe1 Kg8
21. Qe4 Ncxd5 22. Nxd5 Qxd5 23. Qxd5+ Nxd5 24. Ne6 Rfc8+ 25. Kb1 Nb6 26. b3 Rc6
27. Nd8 Rc7 28. Ne6 Rc6 29. Nd8 Rc7 30. Ne6 1/2-1/2

[Event "WYCC U16 Open 2013"]
[Site "Al-Ain UAE"]
[Date "2013.12.22"]
[Round "6.3"]
[White "Alekseenko, Kirill"]
[Black "Basso, Pier Luigi"]
[Result "1-0"]
[WhiteTitle "FM"]
[WhiteElo "2445"]
[BlackElo "2303"]
[WhiteFideId "4135539"]
[BlackFideId "866970"]
[EventDate "2013.12.18"]

1. e4 d6 2. d4 Nf6 3. Nc3 g6 4. Nf3 Bg7 5. Be3 c6 6. Qd2 Nbd7 7. O-O-O O-O 8.
Bh6 b5 9. Bd3 e5 10. h4 Bxh6 11. Qxh6 Qe7 12. h5 exd4 13. Nxd4 Ne5 14. Qg5 Nd5
15. Qxe7 Nxe7 16. Be2 b4 17. Nb1 Bb7 18. Nb3 d5 19. f4 Nd7 20. hxg6 hxg6 21. Na5
Nc5 22. exd5 cxd5 23. Bf3 Rad8 24. Rd4 Nc6 25. Nxc6 Bxc6 26. Rxb4 Ne6 27. Nc3 a5
28. Rb6 Ba8 29. Ne2 d4 30. Bxa8 Rxa8 31. g4 Rac8 32. f5 d3 33. Nc3 Nf4 34. cxd3
Nxd3+ 35. Kc2 Ne5 36. Re1 Nxg4 37. fxg6 f5 38. Re7 Rf6 39. Rxf6 Nxf6 40. Kd3
Rd8+ 41. Ke3 Nd5+ 42. Nxd5 Rxd5 43. Ra7 Rb5 44. b3 a4 45. Rxa4 Kg7 46. Ra6 Rb4
47. Kf3 Rh4 48. Rb6 Rd4 49. a4 Kh6 50. a5 f4 51. a6 Rd7 52. Kxf4 Rb7 53. Rxb7 1-0

[Event "WYCC U16 Open 2013"]
[Site "Al-Ain UAE"]
[Date "2013.12.22"]
[Round "6.4"]
[White "Karthikeyan, Murali"]
[Black "Stathopoulos, Ioannis"]
[Result "1-0"]
[WhiteTitle "IM"]
[BlackTitle "FM"]
[WhiteElo "2431"]
[BlackElo "2297"]
[WhiteFideId "5074452"]
[BlackFideId "4223098"]
[EventDate "2013.12.18"]

1. e4 c5 2. Nf3 d6 3. d4 cxd4 4. Nxd4 Nf6 5. Nc3 a6 6. Be3 e6 7. Be2 Nbd7 8. f4
b5 9. Bf3 Bb7 10. e5 Bxf3 11. Qxf3 b4 12. exf6 bxc3 13. fxg7 Bxg7 14. b3 O-O 15.
O-O Rc8 16. f5 Qe7 17. Rad1 Nf6 18. Bg5 Rc5 19. Qg3 Kh8 20. Qh4 e5 21. Ne2 d5
22. Rd3 Rfc8 23. Rh3 Kg8 24. Kh1 Kf8 25. Ng3 Qd6 26. Nh5 Nxh5 27. Qxh5 Bf6 28.
Qg4 Bxg5 29. Qxg5 f6 30. Qh6+ Ke8 31. Qxh7 R8c7 32. Qg8+ Kd7 33. Rh8 Kc6 34.
Qa8+ Rb7 35. Qxa6+ Rb6 36. Qa8+ Rb7 37. b4 Rb5 38. a4 Rxb4 39. Rc8+ 1-0

[Event "WYCC U16 Open 2013"]
[Site "Al-Ain UAE"]
[Date "2013.12.22"]
[Round "6.5"]
[White "Petrosyan, Manuel"]
[Black "Girish, A. Koushik"]
[Result "1/2-1/2"]
[WhiteTitle "CM"]
[BlackTitle "FM"]
[WhiteElo "2294"]
[BlackElo "2413"]
[WhiteFideId "13300857"]
[BlackFideId "5038448"]
[EventDate "2013.12.18"]

1. d4 Nf6 2. c4 g6 3. g3 Bg7 4. Bg2 d5 5. cxd5 Nxd5 6. e4 Nb6 7. Ne2 c5 8. d5 e6
9. Nec3 exd5 10. exd5 O-O 11. O-O Na6 12. Re1 Bf5 13. a3 c4 14. Be3 Rc8 15. d6
Nc5 16. Bxc5 Rxc5 17. Bxb7 Bd3 18. Nd2 Rf5 19. Be4 Rf6 20. Bxd3 Rxd6 21. Qc2
Rxd3 22. Rad1 Qc8 23. Nf1 Rfd8 24. Ne3 Bxc3 25. bxc3 Qc5 26. a4 Qa5 27. Nxc4
Rxd1 28. Nxa5 Rxe1+ 29. Kg2 Rc8 30. Nb7 Nc4 31. a5 a6 32. Qd3 Re7 33. Qd5 Rec7
34. h4 h5 35. Nd8 Kf8 36. Kg1 Kg8 37. Nxf7 Rxf7 38. Qe6 Rc5 39. Qxg6+ Kf8 40.
Qh6+ Kg8 41. Qg6+ Rg7 42. Qxa6 Nxa5 43. Qe6+ Kh7 44. Qe4+ Kh8 45. Qe8+ Kh7 46.
Qe4+ Kh8 47. Qe8+ 1/2-1/2

[Event "WYCC U16 Open 2013"]
[Site "Al-Ain UAE"]
[Date "2013.12.22"]
[Round "6.6"]
[White "Wang, Yiye"]
[Black "Brown, Michael William"]
[Result "1-0"]
[WhiteElo "2408"]
[BlackElo "2272"]
[WhiteFideId "8606021"]
[BlackFideId "2037602"]
[EventDate "2013.12.18"]

1. e4 e5 2. Nf3 Nc6 3. d4 exd4 4. Bc4 Nf6 5. e5 d5 6. Bb5 Ne4 7. Nxd4 Bd7 8.
Bxc6 bxc6 9. O-O Be7 10. f3 Nc5 11. f4 O-O 12. f5 Ne4 13. Nc3 Nxc3 14. bxc3 c5
15. Ne2 Bb5 16. f6 gxf6 17. Bh6 fxe5 18. Nd4 cxd4 19. Qg4+ Bg5 20. Bxg5 Be2 21.
Qg3 Qd7 22. h3 f5 23. Bf6+ Kf7 24. Rxf5 Rg8 25. Qf2 d3 26. Be7+ Kxe7 27. Rf7+
Ke8 28. Rxd7 Kxd7 29. Qf7+ Kd6 30. Qf6+ Kd7 31. Qxe5 c6 32. Rb1 Rab8 33. Qf5+
Kd6 34. Rxb8 Rxb8 35. cxd3 Rb1+ 36. Kh2 Rb2 37. a4 h5 38. Qf6+ Kc5 39. Qf8+ 1-0

[Event "WYCC U16 Open 2013"]
[Site "Al-Ain UAE"]
[Date "2013.12.22"]
[Round "6.7"]
[White "Vorontsov, Pavlo"]
[Black "Eggink, Ryszard"]
[Result "1-0"]
[WhiteTitle "FM"]
[WhiteElo "2392"]
[BlackElo "2165"]
[WhiteFideId "14116367"]
[BlackFideId "1125869"]
[EventDate "2013.12.18"]

1. e4 c5 2. Nf3 d6 3. d4 cxd4 4. Nxd4 Nf6 5. Nc3 a6 6. Be3 e6 7. Be2 Qc7 8. a4
b6 9. O-O Bb7 10. f3 Nbd7 11. Qd2 Be7 12. Rfd1 O-O 13. Nb3 Rfd8 14. Bf4 Ne5 15.
Kh1 Ng6 16. Bg3 Nh5 17. Bf2 d5 18. exd5 Nhf4 19. Qe3 Nxe2 20. Qxe2 Nf4 21. Bg3
Nxe2 22. Bxc7 Nxc3 23. Bxd8 Nxd1 24. Bxe7 Nxb2 25. d6 Bc6 26. a5 Nc4 27. axb6
Nxb6 28. Na5 Be8 29. Rb1 Rb8 30. Kg1 Nd7 31. Rxb8 Nxb8 32. Kf2 f6 33. Ke3 e5 34.
Kd3 Bg6+ 35. Kd2 Kf7 36. c4 Ke6 37. Kc3 Be8 38. Kb4 Nc6+ 39. Nxc6 Bxc6 40. Kc5
Kd7 41. Bf8 e4 42. fxe4 Bxe4 43. g3 g5 44. Be7 g4 45. Bxf6 a5 46. Bb2 a4 47. Kd4
Bf3 48. c5 Be2 49. Ke5 Bd1 50. c6+ 1-0

[Event "WYCC U16 Open 2013"]
[Site "Al-Ain UAE"]
[Date "2013.12.22"]
[Round "6.8"]
[White "Jarmula, Lukasz"]
[Black "Das, Sayantan"]
[Result "1/2-1/2"]
[BlackTitle "IM"]
[WhiteElo "2213"]
[BlackElo "2377"]
[WhiteFideId "1160664"]
[BlackFideId "5034426"]
[EventDate "2013.12.18"]

1. d4 Nf6 2. c4 e6 3. Nf3 d5 4. Nc3 c6 5. Bg5 Nbd7 6. e3 a6 7. Bd3 b5 8. cxd5
cxd5 9. Ne5 Bb7 10. O-O Be7 11. f4 h6 12. Bxf6 Nxf6 13. a3 O-O 14. Qf3 Nd7 15.
f5 Nxe5 16. dxe5 f6 17. fxe6 fxe5 18. Bf5 Bg5 19. Qg3 d4 20. exd4 exd4 21. Rad1
Qb6 22. Nb1 Qc6 23. Kh1 Rf6 24. Bg4 Bf4 25. Qh3 Qd6 26. Nc3 Raf8 27. Ne2 Be5 28.
Rxf6 Rxf6 29. Ng1 Rf2 30. Nf3 Bf6 31. Qh5 Be4 32. Re1 Qf4 33. e7 Bxe7 34. Qe8+
Bf8 35. Qe6+ Kh8 36. Qxe4 Qxe4 37. Rxe4 Rxb2 38. Re8 Rb1+ 39. Ng1 Rf1 40. Bf3
Kg8 41. g3 g5 42. Kg2 Ra1 43. Rd8 Rxa3 44. Ne2 Kg7 45. Nxd4 Bb4 46. Ra8 Kf6 47.
Bb7 Bc5 48. Nc2 Rc3 49. Rxa6+ Kg7 50. Ra2 g4 51. Rb2 Rd3 52. Ne1 Re3 53. Kf1 b4
54. Nc2 Re7 55. Bc8 Rf7+ 56. Ke2 Rf2+ 57. Kd3 Rxh2 58. Bxg4 Rg2 59. Bf3 Rxg3 60.
Ke4 Rh3 61. Bg2 1/2-1/2

[Event "WYCC U16 Open 2013"]
[Site "Al-Ain UAE"]
[Date "2013.12.22"]
[Round "6.9"]
[White "Azarya, Jodi Setyaki"]
[Black "Bluebaum, Matthias"]
[Result "1/2-1/2"]
[WhiteTitle "CM"]
[BlackTitle "IM"]
[WhiteElo "2112"]
[BlackElo "2529"]
[WhiteFideId "7101589"]
[BlackFideId "24651516"]
[EventDate "2013.12.18"]

1. e4 e6 2. d4 d5 3. Nc3 Nf6 4. Bg5 Be7 5. e5 Nfd7 6. h4 h6 7. Bxe7 Qxe7 8. Qg4
O-O 9. O-O-O c5 10. f4 Nc6 11. Nf3 a6 12. dxc5 Nxc5 13. Qh5 Ne4 14. Nxe4 dxe4
15. Nd2 f5 16. exf6 Qxf6 17. g3 Qf5 18. Qe2 e5 19. Qxe4 Qxe4 20. Nxe4 exf4 21.
Bc4+ Kh7 22. gxf4 Rxf4 23. Rdf1 Rxf1+ 24. Rxf1 Bh3 25. Rf2 Rd8 26. Bd3 Kg8 27.
Nc5 Bc8 28. Be4 Rd6 29. c4 Ne7 30. Rd2 Rxd2 31. Kxd2 b6 32. Nd3 g5 33. hxg5 hxg5
34. b4 Kf7 35. a4 Ke6 36. Kc3 Kd6 37. Kd4 Nf5+ 38. Bxf5 Bxf5 39. c5+ Kc7 40. Ne5
bxc5+ 41. Kxc5 g4 42. b5 1/2-1/2

[Event "WYCC U16 Open 2013"]
[Site "Al-Ain UAE"]
[Date "2013.12.22"]
[Round "6.10"]
[White "Asgarizadeh, Ahmad"]
[Black "Wagner, Dennis"]
[Result "1/2-1/2"]
[BlackTitle "IM"]
[WhiteElo "2267"]
[BlackElo "2467"]
[WhiteFideId "12505684"]
[BlackFideId "24650684"]
[EventDate "2013.12.18"]

1. e4 e5 2. Nf3 Nc6 3. Bc4 Nf6 4. d3 Bc5 5. O-O O-O 6. Re1 d6 7. c3 Ne7 8. Bg5
Ng6 9. d4 Bb6 10. dxe5 Nxe5 11. Nxe5 dxe5 12. Qf3 h6 13. Bxf6 Qxf6 14. Qxf6 gxf6
15. Nd2 Rd8 16. Rad1 Kf8 17. Kf1 Ke7 18. Bb3 1/2-1/2

[Event "WYCC U16 Open 2013"]
[Site "Al-Ain UAE"]
[Date "2013.12.22"]
[Round "6.11"]
[White "Vavulin, Maksim"]
[Black "Toma, Radu-Cristian"]
[Result "1-0"]
[WhiteElo "2410"]
[BlackElo "2245"]
[WhiteFideId "4169530"]
[BlackFideId "1217992"]
[EventDate "2013.12.18"]

1. e4 c5 2. Nf3 Nc6 3. d4 cxd4 4. Nxd4 g6 5. Nc3 Bg7 6. Be3 Nf6 7. Bc4 Qa5 8.
O-O O-O 9. Bb3 d6 10. h3 Bd7 11. Re1 Rfe8 12. Qd3 Rad8 13. Rad1 a6 14. Nf3 b5
15. Bf4 b4 16. Nd5 Nxd5 17. exd5 Na7 18. Qe3 Nb5 19. Bh6 Bxb2 20. Qf4 Bg7 21.
Re3 Nc3 22. Bxg7 Kxg7 23. Qd4+ Kg8 24. Rde1 Qc5 25. Qh4 Nxd5 26. Ng5 h5 27. Ne4
Qb5 28. Rg3 Be6 29. Rg5 Qc6 30. Ng3 Qc3 31. Rxe6 fxe6 32. Rxg6+ Kf7 33. Qxh5 Nf6
34. Rxf6+ 1-0